[Event "Prague Festival Masters 2021"]
[Site "Prague"]
[Date "2021.06.14"]
[Round "1.1"]
[White "Nguyen, Thai Dai Van"]
[Black "Wojtaszek, Radoslaw"]
[Result "1/2-1/2"]
[WhiteElo "2577"]
[BlackElo "2687"]
[Annotator "TA"]
[PlyCount "60"]
[EventDate "2021.06.13"]
[EventType "tourn"]
[EventCountry "CZE"]
[SourceTitle "playchess.com"]
[Source "ChessBase"]
[SourceQuality "1"]

{[%evp 12,60,24,25,29,26,25,22,14,0,0,2,4,3,22,10,9,9,18,0,5,0,6,0,14,10,2,3,2,2,2,2,2,2,8,2,6,3,10,5,2,0,3,0,0,0,8,11,15,10,17]} 1. d4 Nf6 2. Nf3 d5 3. c4 e6 4. Nc3 Bb4 5. cxd5 exd5 6. Bg5 h6 7. Bh4 O-O {D38: Queen's Gambit Declined: Ragozin Defence (4 Nf3 Bb4).} 8. e3 Bf5 9. Qb3 Bxc3+ {The position is equal.} 10. bxc3 {10.Qxc3 gains popularity.} Nbd7 11. Be2 c5 12. dxc5 g5 13. Bg3 {Threatens to win with Bd6.} Nxc5 14. Qb4 Qe7 15. O-O Nfe4 16. Rad1 Rfd8 17. c4 dxc4 18. Bxc4 Rxd1 19. Rxd1 {[#]} Be6 $146 ({Predecessor:} 19... Rd8 20. Rxd8+ Qxd8 21. Nd4 Bg6 22. f3 a5 23. Qa3 Nxg3 24. Qxc5 Nh5 25. e4 b6 {½-½ (60) Grischuk,A (2777)-So,W (2765) Chess.com INT 2020}) 20. Bxe6 Qxe6 21. Qa3 g4 22. Nd4 Qd5 23. f3 gxf3 24. gxf3 Nxg3 25. hxg3 Ne6 26. Kg2 Rc8 27. Qb3 Qxb3 28. Nxb3 a5 29. Nxa5 Rc2+ 30. Kh3 b6 {Not much happened in this game.  Weighted Error Value: White=0.02/Black=0.01} 1/2-1/2

[Event "Prague Festival Masters 2021"]
[Site "Prague"]
[Date "2021.06.14"]
[Round "1.2"]
[White "Van Foreest, Jorden"]
[Black "Abasov, Nijat"]
[Result "1/2-1/2"]
[WhiteElo "2701"]
[BlackElo "2665"]
[Annotator "TA"]
[PlyCount "139"]
[EventDate "2021.06.13"]
[EventType "tourn"]
[EventCountry "CZE"]
[SourceTitle "playchess.com"]
[Source "ChessBase"]
[SourceQuality "1"]

{[%evp 25,139,48,51,41,66,44,74,77,78,62,73,60,61,56,56,60,56,63,61,46,50,68,54,57,57,57,55,54,48,54,67,67,95,95,103,106,97,51,70,70,101,77,77,77,77,77,77,77,77,55,56,56,56,0,41,0,77,77,77,77,77,77,77,77,77,77,77,77,77,77,77,73,66,48,51,48,51,51,51,51,51,51,59,51,65,44,44,44,44,44,44,44,88,14,14,8,15,14,14,14,14,14,15,15,15,15,15,15,15,15,15,15,15,0,15,0]} 1. e4 c5 2. Nf3 d6 3. d4 cxd4 4. Nxd4 Nf6 5. Nc3 g6 6. Be3 Bg7 7. f3 Nc6 8. Qd2 O-O 9. O-O-O d5 10. exd5 Nxd5 11. Nxc6 bxc6 12. Bd4 e5 13. Bc5 Re8 14. Ne4 {B76: Sicilian Dragon: Yugoslav Attack, 9 g4 and 9 0-0-0.} Qc7 15. h4 f5 16. Nd6 {White is better.} Rd8 17. Nxc8 Raxc8 18. h5 Nb6 $1 {[#]} 19. Bxb6 $146 ({Predecessor:} 19. Qe3 Rxd1+ 20. Kxd1 Qf7 21. hxg6 hxg6 22. Qb3 Rd8+ 23. Kc1 Qxb3 24. axb3 Bf8 25. Bf2 {½-½ (34) Holec,M (2057)-Eschert,U (1999) ICCF email 2011}) 19... Rxd2 20. Bc4+ Kf8 21. Bxc7 Rxd1+ 22. Rxd1 Bh6+ 23. Kb1 Rxc7 $14 {[%mdl 4096] Endgame KRB-KRB} 24. Rd6 Kg7 25. hxg6 hxg6 26. b4 Bf4 27. Re6 Bd2 28. a3 a5 29. bxa5 ({Much weaker is} 29. Rxe5 $6 axb4 30. axb4 Bc3 $11) 29... Bxa5 30. Rxe5 Bc3 31. Re3 (31. Re6 {looks sharper.} Ra7 32. Ka2 Rb7 33. Bb3 Rb6 34. a4) 31... Rb7+ 32. Bb3 Bd4 33. Rd3 (33. Re6 {with more complications.} c5 34. Rc6 Re7 35. Ka2 Re1 36. Bc4) 33... Bf6 34. Ka2 c5 {next ...c4! is good for Black.} 35. c3 c4 36. Bxc4 {aiming for a4.} Rc7 37. Kb3 Rb7+ $1 38. Kc2 Ra7 39. Kb3 {Black must now prevent a4.} Rb7+ 40. Ka2 {And now a4 would win.} Rc7 41. Bb3 Bxc3 42. a4 Rc5 43. Rd7+ Kh6 44. Rd6 Kg7 45. Ka3 g5 46. Ra6 Be1 47. Re6 Bc3 48. Bc2 Kf7 49. Ra6 (49. Re3 {feels hotter.} f4 50. Bb3+ Kf6 51. Rd3 Ba5 52. Rd7) 49... Ke7 50. Bb3 Kd7 51. Be6+ Kc7 52. Kb3 Be1 53. Bc4 Re5 54. Rg6 Re3+ 55. Kc2 (55. Kb2 {is more complex.} g4 56. fxg4 Re4 57. Bd5 Rxg4 58. Re6) 55... Rc3+ 56. Kd1 Rxc4 57. Kxe1 Rxa4 58. Rxg5 {KR-KR} Ra5 59. Rg6 (59. Kf2 $16) 59... Kd7 $11 {The position is equal.} 60. Kf2 Ke7 61. Kg3 Kf7 62. Rc6 Ra4 63. Kh3 Kg7 (63... Ra8 {is interesting.} 64. f4 Rh8+ 65. Kg3 Rg8+ 66. Kf2 Rd8) 64. Rb6 Rc4 65. g3 Rc3 66. f4 Kf7 67. Kh4 Ra3 68. Rb7+ Kg6 69. Rb6+ Kf7 70. Rb7+ {Weighted Error Value: White=0.09/Black=0.04} 1/2-1/2

[Event "Prague Festival Masters 2021"]
[Site "Prague"]
[Date "2021.06.14"]
[Round "1.3"]
[White "Grandelius, Nils"]
[Black "Shankland, Sam"]
[Result "1/2-1/2"]
[WhiteElo "2670"]
[BlackElo "2691"]
[Annotator "TA"]
[PlyCount "105"]
[EventDate "2021.06.13"]
[EventType "tourn"]
[EventCountry "CZE"]
[SourceTitle "playchess.com"]
[Source "ChessBase"]
[SourceQuality "1"]

{[%evp 10,105,17,19,19,21,27,19,19,18,27,21,19,14,7,0,32,29,27,43,44,28,9,16,33,15,6,6,15,7,7,12,45,29,31,25,24,0,0,0,6,-22,0,-14,0,-11,0,0,0,0,8,0,67,72,89,84,86,95,96,96,106,32,39,29,32,27,37,36,38,25,56,35,48,45,37,0,0,0,0,0,0,0,0,0,10,10,10,10,10,10,10,10,10,10,10,3,5,0]} 1. e4 e6 2. d4 d5 3. Nd2 c5 4. exd5 Qxd5 5. Ngf3 cxd4 6. Bc4 Qd7 $1 {[%mdl 4] is recently more successful than 6...Qd6. C07: French Tarrasch: 3...c5, 4 Ngf3 and 4 exd5 Qxd5.} 7. O-O Nc6 8. Nb3 a6 9. Nbxd4 Nxd4 10. Nxd4 Qc7 11. Bd3 Bd6 12. h3 Bd7 13. Re1 Ne7 14. Qh5 Qc5 15. Qxc5 Bxc5 16. Be3 {Nxe6! is the strong threat.} Bd6 17. Be4 O-O-O 18. Rad1 {[#]} Bc7 $146 ({Predecessor:} 18... h6 19. Bf3 Ba4 20. b3 Bd7 21. c3 Kc7 22. Kf1 Rhe8 23. Bh5 Rf8 24. Bf3 e5 {½-½ (57) Vovk,A (2618)-Ganguly,S (2658) Douglas 2019}) 19. Bg5 f6 20. Bd2 Ng6 21. Nb3 Kb8 22. Nc5 Bc8 23. g3 e5 24. Bg2 h5 25. Be3 Ne7 26. c3 Nf5 27. Bc1 Bb6 28. Ne4 Be6 29. b3 a5 30. Ba3 a4 (30... Kc7 $11) 31. bxa4 $14 Bxa2 32. Nc5 Rxd1 33. Rxd1 {aiming for Nd7+.} Bxc5 34. Bxc5 Rc8 {[#]} 35. Bb6 ({White should try} 35. Bb4 $1 $16) 35... Be6 $1 36. Rd3 Nh6 37. Rd6 Bf5 38. Be3 {Hoping for Rb6.} Nf7 39. Rb6 Nd8 40. a5 $1 {[%cal Ba4a5,Ba5a6,Ba6a7][%mdl 32]} Rxc3 41. a6 {[%cal Rg2b7]} Bc8 42. a7+ Ka8 {The position is equal.} 43. h4 Nc6 (43... Bg4 {keeps more tension.} 44. Be4 Nc6 45. Bxc6 Rxc6 46. Rxc6 bxc6 47. Kg2 e4) 44. Bxc6 Rxc6 45. Rxc6 bxc6 $11 {[%mdl 4096] Endgame KB-KB} 46. Bc5 e4 47. Kf1 g5 48. Ke2 gxh4 49. gxh4 Bg4+ 50. Ke3 f5 51. Kf4 Kb7 52. Kg5 Ka8 53. Kf4 {Weighted Error Value: White=0.05/Black=0.07} 1/2-1/2

[Event "Prague Festival Masters 2021"]
[Site "Prague"]
[Date "2021.06.15"]
[Round "2.1"]
[White "Abasov, Nijat"]
[Black "Grandelius, Nils"]
[Result "1-0"]
[WhiteElo "2665"]
[BlackElo "2670"]
[Annotator "TA"]
[PlyCount "73"]
[EventDate "2021.06.13"]
[EventType "tourn"]
[EventCountry "CZE"]
[SourceTitle "playchess.com"]
[Source "ChessBase"]
[SourceQuality "1"]

{[%evp 9,73,0,0,0,0,0,0,3,0,-12,-19,-8,-11,-18,0,-2,-4,-12,-11,-27,27,-14,0,-42,33,26,58,37,29,29,22,29,29,-65,26,27,1,7,33,28,23,41,86,81,164,175,268,269,254,250,260,248,252,266,366,334,401,397,685,666,29960,29964,29968,29970,29966,12193]} 1. e4 c5 2. Nc3 d6 3. f4 g6 4. d4 cxd4 5. Qxd4 Nf6 6. Nf3 {B23: Closed Sicilian: Lines without g3.} Bg7 7. Bd3 O-O 8. Qf2 {The position is equal.} Nbd7 {[%cal Bb8d7,Bd7c5,Bc5d3][%mdl 32]} 9. h3 Nc5 {[#]} 10. Be3 $146 ({Predecessor:} 10. O-O b6 11. Qh4 d5 12. e5 Nfe4 13. Nb5 Ba6 14. a4 e6 15. Qxd8 Rfxd8 16. b4 Nxd3 17. cxd3 {1-0 (39) Hernandez Carmenates,H (2580)-Bogner,S (2448) Dresden 2008}) 10... b6 {[%cal Bb7b6,Bb6b5,Bb5b4][%mdl 32]} 11. O-O-O Nxd3+ 12. Rxd3 Bb7 $1 13. Bd4 b5 (13... Nxe4 $6 14. Nxe4 e5 15. Bxe5 $16) 14. Re1 Qa5 (14... b4 $142 15. Bxf6 Bxf6) 15. Kb1 b4 16. Nd5 Rae8 (16... Nxd5 $15 17. exd5 Bxd5 18. Bxg7 Qxa2+ 19. Kc1 Rfc8 20. Rxe7 Bxf3 21. Qxf3 Kxg7) 17. Bxf6 exf6 18. Nd2 f5 19. Nb3 $1 {[%cal Rb3a5]} Qd8 20. exf5 ({Don't play} 20. Qxa7 Rxe4 21. Red1 Bxd5 $17) 20... a5 {[%cal Ba7a5,Ba5a4][%mdl 32]} 21. f6 ({Better is} 21. Red1 $11) 21... Bxf6 (21... Bxd5 $15 22. fxg7 Rxe1+ 23. Qxe1 Re8) 22. Nxf6+ $11 Qxf6 23. Red1 $36 {[%mdl 2048] White has some pressure.} ({Much weaker is} 23. Nxa5 Qxf4 $1 24. Qxf4 Rxe1+ 25. Qc1 Rxc1+ 26. Kxc1 Bxg2 $17) 23... a4 (23... Re6 {looks sharper.} 24. Nxa5 Be4 25. R3d2 Rc8 26. Nb3 Re7) 24. Rxd6 Re6 25. Rxe6 fxe6 26. Nc5 Bd5 (26... a3 $16 27. Rd4 Rd8 28. Rxd8+ Qxd8) 27. g3 $18 ({Reject} 27. Nxa4 $6 Qxf4 28. Qe1 Bxg2 $14) 27... Rc8 (27... Rd8 $142) 28. Nxa4 Qf5 {aiming for ...Rxc2!} 29. Rd2 Qxh3 {[#] ( -> ...Qh1+)} 30. b3 $1 Qh1+ 31. Kb2 Qe4 32. Nc5 Qf5 33. Qd4 Qg4 $2 (33... h5 34. Nd3 g5 35. Nxb4 Bf3) 34. Nd7 {Threatens to win with Nf6+.} Qxg3 {intending ...Qc3+.} 35. Nf6+ {[%mdl 64] Double Attack. White mates.} Kf7 36. Nxd5 exd5 37. Qxd5+ {Weighted Error Value: White=0.12/Black=0.52} 1-0

[Event "Prague Festival Masters 2021"]
[Site "Prague"]
[Date "2021.06.15"]
[Round "2.2"]
[White "Shankland, Sam"]
[Black "Duda, Jan-Krzysztof"]
[Result "1-0"]
[WhiteElo "2691"]
[BlackElo "2729"]
[Annotator "TA"]
[PlyCount "77"]
[EventDate "2021.06.13"]
[EventType "tourn"]
[EventCountry "CZE"]
[SourceTitle "playchess.com"]
[Source "ChessBase"]
[SourceQuality "1"]

{[%evp 27,77,28,43,37,46,35,21,30,29,32,77,75,55,95,76,102,87,86,95,30,97,97,205,173,199,179,169,213,222,207,215,213,231,222,278,293,280,238,382,376,381,358,388,358,457,456,466,462,616,578,1009,931]} 1. e4 c5 2. Nf3 d6 3. d4 cxd4 4. Nxd4 Nf6 5. Nc3 a6 6. f3 e5 7. Nb3 Be6 8. Be3 Be7 9. Qd2 O-O 10. O-O-O Nbd7 11. g4 b5 12. g5 b4 13. Ne2 Ne8 14. f4 a5 15. f5 {B90: Sicilian Najdorf: Unusual White 6th moves, 6 Be3 Ng4 and 6 Be3 e5.} a4 16. fxe6 (16. Nbd4 $5 {[%cal Rd4c6]} exd4 17. Nxd4 $11) 16... axb3 17. cxb3 {The position is equal.} ({Avoid the trap} 17. exd7 $2 bxa2 18. Qd5 a1=Q+ $19) 17... fxe6 18. Bh3 Nc7 {[#] Hoping for ...Rf3.} 19. Kb1 d5 20. exd5 exd5 21. Bg2 Ra5 22. a4 {[#]} Kh8 $146 ({Predecessor:} 22... Rf7 23. Rhe1 Bf8 24. h4 d4 25. Nxd4 exd4 26. Qxd4 Qe7 27. Bf2 Qc5 28. Bg3 Nb6 29. Qxc5 Rxc5 {1-0 (40) Cadillon Costa,L (2350)-Seelig,J (2323) ICCF email 2015}) 23. Rhe1 (23. h4 $16) 23... Ra6 (23... Qb8 $11) 24. h4 $16 {Black is on the road to losing.} (24. Bxd5 Rd6 $19) 24... Rd6 (24... d4 $16 {was called for.}) 25. Bg1 $18 (25. Qxb4 d4 $14) 25... h6 {[%cal Rh6g5]} 26. Qxb4 d4 27. Nc1 Nd5 28. Qb5 Nf4 29. Bc6 hxg5 30. hxg5 Nb8 31. Be4 Nd7 32. g6 Rb6 (32... Qb8 $142 33. Qxb8 Rxb8) 33. Qc4 Nxg6 34. Nd3 {[%cal Bc1d3,Bd3e5,Be5d7][%mdl 32]} Nf4 35. Bc6 ({Not} 35. Bxd4 exd4 36. Qxd4 Bh4 $18) 35... Bh4 {[#] And now ...Nxd3 would win.} 36. Rxe5 {White is clearly winning.} Nxe5 37. Nxe5 Qf6 38. Bxd4 Rbb8 39. Nd7 {Weighted Error Value: White=0.03/Black=0.32} 1-0

[Event "Prague Festival Masters 2021"]
[Site "Prague"]
[Date "2021.06.15"]
[Round "2.3"]
[White "Wojtaszek, Radoslaw"]
[Black "Navara, David"]
[Result "1-0"]
[WhiteElo "2687"]
[BlackElo "2697"]
[Annotator "TA"]
[PlyCount "76"]
[EventDate "2021.06.13"]
[EventType "tourn"]
[EventCountry "CZE"]
[SourceTitle "playchess.com"]
[Source "ChessBase"]
[SourceQuality "1"]

{[%evp 18,76,22,14,8,6,22,13,18,0,14,12,33,23,30,18,16,25,25,25,51,52,62,60,74,66,91,86,77,78,79,75,94,84,77,82,72,76,75,75,93,89,146,146,146,146,146,146,155,155,160,160,353,349,319,238,1131,158,1091,1112,29983]} 1. d4 Nf6 2. c4 e6 3. Nf3 d5 4. g3 Be7 5. Bg2 O-O 6. O-O dxc4 7. Qc2 a6 8. a4 Bd7 9. Qxc4 Bc6 10. Bf4 Bd6 {E05: Open Catalan: 5 Nf3 Be7.} 11. Qc1 Nbd7 12. Nc3 Qe7 {The position is equal.} 13. a5 Rfe8 14. Re1 Bxf4 15. Qxf4 Bxf3 16. Qxf3 c6 {[#]} 17. Na4 $146 ({Predecessor:} 17. Red1 e5 18. d5 e4 19. Qf5 g6 20. Qf4 cxd5 21. Nxd5 Nxd5 22. Rxd5 Nf6 23. Rd6 {½-½ (29) Harikrishna,P (2734)-So,W (2763) Riga 2019}) 17... e5 18. dxe5 Nxe5 19. Qc3 Nd5 20. Qc5 Nc7 21. Rad1 Rab8 22. f4 Nd7 23. Qxe7 Rxe7 24. e4 g6 25. Bh3 b5 26. axb6 Nxb6 27. Nc5 $36 {[%mdl 2048] White is on the roll.} Nc4 28. Bf1 Nxb2 29. Rd2 {Rb1 is the strong threat.} Kg7 (29... Ne6 $142 30. Nxe6 (30. Nxa6 Rb6 $16) 30... fxe6) 30. Ra1 $16 {And now Ra2 would win.} (30. Nxa6 $6 Nxa6 31. Bxa6 Na4 $11) (30. Bxa6 $6 Na4 $11) 30... Ne6 {[#]} 31. Nxe6+ fxe6 32. Ra2 ({Resist} 32. Bxa6 Ra7 $16) 32... Reb7 33. Rxa6 e5 34. fxe5 Rb4 $2 (34... c5 $16 35. Rc6 c4) 35. Rd7+ Kh6 36. Raa7 ({Don't play} 36. Rxc6 Rxe4 37. e6 Re8) 36... Nc4 $2 (36... Rh8 37. Rdb7 Rxb7 38. Rxb7 Na4) 37. Rxh7+ $18 Kg5 {[#]} 38. Raf7 $1 {[%cal Rf7f4] Intending Rf4 and mate.} Ne3 {Weighted Error Value: White=0.04/Black=0.18} 1-0

[Event "Prague Festival Masters 2021"]
[Site "Prague"]
[Date "2021.06.15"]
[Round "2.4"]
[White "Nguyen, Thai Dai Van"]
[Black "Van Foreest, Jorden"]
[Result "1/2-1/2"]
[WhiteElo "2577"]
[BlackElo "2701"]
[Annotator "TA"]
[PlyCount "71"]
[EventDate "2021.06.13"]
[EventType "tourn"]
[EventCountry "CZE"]
[SourceTitle "playchess.com"]
[Source "ChessBase"]
[SourceQuality "1"]

{[%evp 10,71,36,20,29,4,0,-30,-26,-79,-76,-66,9,0,13,-13,37,27,36,20,35,20,0,0,0,0,0,0,44,43,46,33,58,68,166,164,167,113,189,196,189,189,190,206,213,185,194,203,391,381,664,291,293,238,242,257,246,41,36,38,30,0,0,0]} 1. d4 d5 2. c4 c6 3. Nf3 Nf6 4. Nc3 a6 5. c5 g6 6. Bf4 Nh5 {D15: Slav Defence: 4 Nc3 a6 and gambit lines after 4 Nc3 dxc4.} 7. Be5 f6 8. Bxb8 (8. Bg3 $5) 8... Rxb8 {Black has an edge.} 9. e4 {[#]} (9. e3 $11) 9... dxe4 $146 ({Predecessor:} 9... e5 10. exd5 cxd5 11. dxe5 Bxc5 12. exf6 Nxf6 13. Qe2+ Kf7 14. O-O-O Re8 15. Qd2 Kg7 {0-1 (36) Moore,H (2274)-Jirka,J (2400) Victoria 2003}) 10. Nxe4 Be6 (10... Nf4 $1 $15) 11. g3 Bh6 12. Bg2 O-O (12... Qd5 $5 {[%cal Rd5e4]} 13. Qe2 Qc4 $11) 13. O-O Ng7 14. Re1 Bf7 15. h4 Ne6 16. Nc3 b6 17. Na4 bxc5 18. dxc5 Qa5 19. Qc2 Rfd8 20. a3 Qc7 21. b4 Nd4 (21... a5 $14) 22. Nxd4 $18 Rxd4 {[#]} 23. Rad1 $1 {[%cal Rd1d4]} Rbd8 (23... Rxd1 $16 24. Rxd1 a5) 24. Rxd4 Rxd4 {[#]} 25. Nb6 $1 Rd2 26. Qe4 Qd8 27. Re2 Rd1+ 28. Kh2 Bc1 $2 (28... e5 {was called for.} 29. Qxc6 g5) 29. Qxc6 {Qb7 is the strong threat.} Bxa3 $2 (29... f5 30. Nc8 Rd7 31. Qxa6 Bh6) 30. Qa4 (30. Qb7 $142 e5 31. c6) 30... Rd3 31. Be4 Rc3 {[#]} 32. Bd5 $1 {[%mdl 512]} a5 ({Not} 32... Bxd5 $2 33. Nxd5 Rxc5 34. bxc5 $18 (34. Qxa3 Rxd5 35. Qxa6 Qd7 $11)) 33. Bxf7+ $2 (33. bxa5 $18 {aiming for Qd4.} Bxc5 34. Qa2 Bxd5 35. Nxd5 (35. Qxd5+ Qxd5 36. Nxd5 Ra3 $11)) 33... Kxf7 $14 34. bxa5 Qd3 {[%cal Rd3e2]} 35. Re3 Qd2 36. Rxc3 {Weighted Error Value: White=0.34/Black=0.34} 1/2-1/2

[Event "Prague Festival Masters 2021"]
[Site "Prague"]
[Date "2021.06.16"]
[Round "3.1"]
[White "Duda, Jan-Krzysztof"]
[Black "Abasov, Nijat"]
[Result "1/2-1/2"]
[WhiteElo "2729"]
[BlackElo "2665"]
[Annotator "TA"]
[PlyCount "125"]
[EventDate "2021.06.13"]
[EventType "tourn"]
[EventCountry "CZE"]
[SourceTitle "playchess.com"]
[Source "ChessBase"]
[SourceQuality "1"]

{[%evp 15,125,8,19,19,20,18,24,30,16,0,0,0,0,0,0,0,0,0,0,1,0,7,8,0,0,0,0,0,0,-6,0,0,0,0,0,0,0,0,0,0,0,0,0,0,0,0,58,0,0,0,27,17,24,16,27,13,33,0,0,0,0,0,0,0,0,0,0,0,0,0,0,0,0,0,0,1,19,29,31,22,52,0,0,0,0,0,0,0,0,0,0,0,0,0,0,0,0,0,0,0,0,0,0,0,0,0,-28000,-28000,-28000,-28000,-28000,-28000]} 1. d4 Nf6 2. c4 e6 3. Nc3 d5 4. cxd5 exd5 5. Bg5 Be7 6. e3 c6 7. Bd3 Nbd7 {[%cal Bb8d7,Bd7f8,Bf8e6][%mdl 32]} 8. Nge2 Nf8 9. O-O {D35: Queen's Gambit Declined: Exchange Variation.} Ne6 10. Bh4 O-O 11. f3 $1 {[%mdl 4] White has an edge. is currently scoring better than 11.Qc2.} Re8 12. Kh1 b5 {[#]} 13. Bf2 $146 ({Predecessor:} 13. Qc2 g6 14. a3 a5 15. Rab1 b4 16. Na4 Bb7 17. axb4 axb4 18. b3 Rc8 19. Rbc1 {1-0 (37) Matlakov,M (2700)-Moroni,L (2562) Caleta 2019}) 13... b4 14. Na4 c5 15. Nxc5 Nxc5 16. dxc5 Bxc5 17. Nd4 Bd7 18. Rc1 Qb6 19. Bb1 Rac8 20. Qd2 a5 21. h3 Qd6 22. g4 Bb6 23. Kg2 Rxc1 24. Rxc1 Bc7 {Hoping for ...Qh2+.} 25. Rh1 g6 26. Bd3 Bb8 27. Bb5 Bxb5 28. Nxb5 Qa6 29. Nd4 Qd6 30. Qc2 Qe5 (30... h5 $11) 31. Qc5 (31. Nc6 $14 Qc7 32. Qc1) 31... h5 $11 32. Nc6 (32. Qxa5 hxg4 33. Qxb4 (33. hxg4 $2 Nxg4 34. fxg4 Qe4+ {[%mdl 64] Double Attack} 35. Kg1 Rc8 $19) 33... g3 $19) 32... Bd6 33. Nxe5 Bxc5 {[#]} 34. Rc1 $1 Ba7 35. Nc6 Bxe3 36. Re1 Re6 37. Rxe3 Rxc6 {[%mdl 4096] Endgame KRB-KRN} 38. g5 Nh7 {[%cal Rh7g5]} 39. Re8+ Kg7 $1 40. Bd4+ f6 41. Re7+ Kg8 42. gxf6 Nxf6 43. Kg3 g5 44. h4 gxh4+ 45. Kh3 Kf8 46. Ra7 Ke8 47. Rxa5 Kf7 48. Rc5 (48. b3 $1 $14) 48... Rxc5 49. Bxc5 {KB-KN} Nd7 50. Bxb4 {[#] a4 is the strong threat.} Ne5 $1 51. a4 Nxf3 52. a5 {And now a6 would win.} Nd4 53. a6 {aiming for a7.} Nb5 54. Bc5 Nc7 55. a7 Ke6 56. b4 {Threatens to win with b5.} Kd7 57. Kxh4 Kc6 58. Kxh5 Kb7 59. Kg4 Na6 60. Kf5 $2 {[%mdl 8192]} (60. Bf2 $11) 60... Nxb4 61. Bxb4 {Mate.} Kxa7 62. Ke5 d4 63. Kxd4 {[%mdl 32768] Weighted Error Value: White=0.04/Black=0.05. An unexpected result.} 1/2-1/2

[Event "Prague Festival Masters 2021"]
[Site "Prague"]
[Date "2021.06.16"]
[Round "3.2"]
[White "Van Foreest, Jorden"]
[Black "Wojtaszek, Radoslaw"]
[Result "1/2-1/2"]
[WhiteElo "2701"]
[BlackElo "2687"]
[Annotator "TA"]
[PlyCount "96"]
[EventDate "2021.06.13"]
[EventType "tourn"]
[EventCountry "CZE"]
[SourceTitle "playchess.com"]
[Source "ChessBase"]
[SourceQuality "1"]

{[%evp 20,96,3,0,0,-17,0,-7,0,0,0,0,9,0,0,0,0,0,10,9,0,0,22,0,0,0,0,-10,-22,-15,-12,-12,0,-6,0,0,0,-4,12,12,12,12,12,12,12,12,12,12,16,16,20,12,11,10,10,10,11,11,12,12,12,12,12,11,12,12,12,12,16,0,0,0,0,0,0,0,0,0,0]} 1. d4 Nf6 2. c4 e6 3. Nc3 Bb4 4. e3 O-O 5. Bd3 c5 6. Nf3 d5 7. O-O dxc4 8. Bxc4 cxd4 9. exd4 b6 10. Bg5 Bb7 11. Ne5 {The position is equal.} Nbd7 {E54: Nimzo-Indian: Rubinstein: Main Line: 7...dxc4 8 Bxc4.} 12. Nxf7 {[%mdl 64] [#] Remove Defender} Rxf7 $146 ({Predecessor:} 12... Kxf7 13. d5 Ne5 14. dxe6+ Kg6 15. Qc2+ Kxg5 16. Rad1 Qe8 17. h4+ Kxh4 18. Rd4+ Kg5 19. Qd2+ {0-1 (29) Debashis,D (2494)-Lalith,B (2525) Patna 2017}) 13. Bxe6 Qf8 14. Qb3 Bxc3 15. bxc3 Re8 16. Bxf7+ (16. Bc4 {feels hotter.} Rc8 17. f3 Rxc4 18. Qxc4 Bd5 19. Qa6) 16... Qxf7 17. Qxf7+ Kxf7 18. c4 Rc8 19. Rfc1 Ba6 20. c5 Nd5 {[%cal Rb6c5]} 21. Rab1 (21. cxb6 {looks sharper.} axb6 22. Rxc8 Bxc8 23. Rc1 Ba6 24. a4) 21... bxc5 22. dxc5 Nxc5 (22... h6 {seems wilder.} 23. Bd2 Nxc5 24. Rb2 Ke7 25. Rbc2 Kd6) 23. Be3 (23. f3 {with more complications.} h6 24. Bd2 Ke7 25. Rb2 Kd7 26. Rbc2) 23... Nxe3 24. fxe3 Ke6 25. Rb4 g6 26. h3 Ke5 27. Rf4 Ke6 28. Rc3 Nd3 29. Rxc8 Bxc8 30. Rf8 Bb7 31. Rh8 Bd5 32. Rxh7 Bxa2 33. Rxa7 Bc4 34. Ra4 Ne5 35. Kf2 Kf5 36. Ra8 Ke4 37. Re8 Bb5 38. Re7 Kf5 39. g4+ Kf6 40. Rb7 Bc6 41. Rb8 g5 42. Kg3 Bd7 43. Rb6+ Be6 (43... Kf7 {is interesting.} 44. Kf2 Bc6 45. Ra6 Bd5 46. Rd6 Bc6) 44. h4 (44. e4 {is more complex.} Nc4 45. Rc6 Nd2 46. Kf2 Ke5 47. Ke3) 44... gxh4+ 45. Kxh4 Nxg4 46. Rxe6+ Kxe6 47. Kxg4 Ke5 48. e4 Kxe4 {Not much happened in this game.  Weighted Error Value: White=0.03/Black=0.03} 1/2-1/2

[Event "Prague Festival Masters 2021"]
[Site "Prague"]
[Date "2021.06.16"]
[Round "3.3"]
[White "Grandelius, Nils"]
[Black "Nguyen, Thai Dai Van"]
[Result "1/2-1/2"]
[WhiteElo "2670"]
[BlackElo "2577"]
[Annotator "TA"]
[PlyCount "81"]
[EventDate "2021.06.13"]
[EventType "tourn"]
[EventCountry "CZE"]
[SourceTitle "playchess.com"]
[Source "ChessBase"]
[SourceQuality "1"]

{[%evp 11,81,28,20,22,18,0,0,0,4,0,19,25,54,53,37,29,79,61,77,0,43,53,54,61,65,48,63,8,16,18,26,9,17,18,14,14,15,2,2,0,0,0,18,14,27,0,0,0,0,0,0,0,0,0,0,0,0,4,8,0,7,0,0,0,0,0,0,0,0,0,0,0]} 1. d4 d5 2. c4 dxc4 3. Nf3 Nf6 4. e3 e6 5. Bxc4 c5 6. O-O Nc6 7. Nc3 {D26: Queen's Gambit Accepted: 4 e3 e6 5 Bxc5 c5 sidelines.} a6 8. Re1 {8.d5 is the recent fashion.} b5 9. Bd3 Bb7 10. a4 {[#]} bxa4 $146 ({Predecessor:} 10... c4 11. axb5 axb5 12. Rxa8 Bxa8 13. Bc2 Bb4 14. e4 Ne7 15. d5 exd5 16. e5 Ne4 17. Nxe4 dxe4 18. Qxd8+ Kxd8 {½-½ (31) Cheparinov,I (2687)-Le,Q (2713) Moscow 2019}) 11. Qxa4 Be7 12. dxc5 $1 Bxc5 ({Don't blunder} 12... Qxd3 $2 13. Ne5 $18) 13. Rd1 Qc7 14. Ne4 Be7 15. b3 ({Better is} 15. Bd2 $16) 15... Nxe4 (15... Nd5 $5 {[%cal Rd5b6]}) 16. Bxe4 O-O 17. Bb2 {[#] Hoping for Rdc1.} Rac8 18. h4 {aiming for Rac1.} Rfd8 $1 19. h5 (19. Rxd8+ $14 Qxd8 20. Rc1) 19... h6 20. Rxd8+ Qxd8 21. Rc1 {[%cal Re4c6]} Nd4 22. Rxc8 Nxf3+ 23. Bxf3 Bxc8 24. Be2 (24. Bc3 {is more complex.} Bf8 25. Qc4 Qd7 26. Qc6 Bd6 27. Kf1) 24... Bb7 25. Bd4 Qa8 26. Bf1 Bf8 27. Qa5 Qc8 28. b4 Qc1 {The position is equal.} 29. Qd8 {[#] Black must now prevent Bc5.} Qc8 30. Qxc8 Bxc8 $11 {[%mdl 4096] Endgame KBB-KBB} 31. Bc3 Bd6 32. Bd3 e5 33. f3 Kf8 34. Kf2 Ke7 35. g3 f6 36. f4 Bb7 37. Ke2 Kd7 38. Kf2 Kc7 39. b5 axb5 40. Bxb5 Kd8 41. Bd3 {Weighted Error Value: White=0.09/Black=0.05} 1/2-1/2